| 000 | 00432cam a2200181ua 4500 | ||
|---|---|---|---|
| 020 | _c8.00 | ||
| 041 |
_aeng _h |
||
| 082 |
_a532 _bSHA/SO |
||
| 100 | _aShahane, . | ||
| 245 |
_aSolutions of problems in hydraulics, Part 2 / _cShahane. _hTextual Documents |
||
| 260 |
_aDelhi : _bNobel Book Service. |
||
| 300 | _a296 ; . | ||
| 365 | _a8.00 | ||
| 504 | _a | ||
| 942 | _cBK | ||
| 999 |
_c3112 _d3112 |
||